000 00621cam a22002053a 4500
001 43888
003 PGUSA
005 20140828084011.0
008 131005s2013||||xxu|||||s|||||000 | eng d
040 _aPGUSA
_beng
042 _adc
100 1 _aAllen, James Lane,
_d1849-1925
245 1 4 _aThe Blue-Grass Region of Kentucky ;
_band, other Kentucky Articles
_h[electronic resource] /
_cJames Lane Allen
260 _bProject Gutenberg,
_c2013
506 _aPublic domain in the USA.
516 _aElectronic text
830 0 _aProject Gutenberg
_v43888
856 4 0 _uhttp://www.gutenberg.org/ebooks/43888
942 _cEB
999 _c273139
_d273139